| 000 | 00289 a2200121 4500 | ||
|---|---|---|---|
| 999 |
_c321844 _d321844 |
||
| 001 | 86771 | ||
| 003 | NUST | ||
| 005 | 20180123121016.0 | ||
| 008 | 180123b xxu||||| |||| 00| 0 eng d | ||
| 082 | _a070.92 MOR | ||
| 100 |
_aMoret, Jim _99615 |
||
| 245 |
_aLast Day of My Life _hEnglish |
||
| 260 |
_aIndia _bJaico Publishing House _c2010 |
||
| 300 | _a152p. | ||
| 942 |
_aCAE NUST _cBK _k070.92 MOR _2ddc |
||